Business studies / (Record no. 594506)
[ view plain ]
| 000 -LEADER | |
|---|---|
| fixed length control field | 01273cas a22003495a 4500 |
| 001 - CONTROL NUMBER | |
| control field | 13041309 |
| 005 - DATE AND TIME OF LATEST TRANSACTION | |
| control field | 20230413151603.0 |
| 008 - FIXED-LENGTH DATA ELEMENTS--GENERAL INFORMATION | |
| fixed length control field | 021224c20019999hu x 0 0eng d |
| 010 ## - LIBRARY OF CONGRESS CONTROL NUMBER | |
| LC control number | 2003214552 |
| 020 ## - INTERNATIONAL STANDARD BOOK NUMBER | |
| International Standard Book Number | 1902796837 |
| 022 ## - INTERNATIONAL STANDARD SERIAL NUMBER | |
| International Standard Serial Number | 1588-9025 |
| Incorrect ISSN | 1586-0655 |
| 035 ## - SYSTEM CONTROL NUMBER | |
| System control number | (OCoLC)ocm47633638 |
| 040 ## - CATALOGING SOURCE | |
| Original cataloging agency | CUY |
| Transcribing agency | CUY |
| Modifying agency | DLC |
| 043 ## - GEOGRAPHIC AREA CODE | |
| Geographic area code | e-hu--- |
| 050 00 - LIBRARY OF CONGRESS CALL NUMBER | |
| Classification number | HB9 |
| Item number | .P83 |
| 082 ## - DEWEY DECIMAL CLASSIFICATION NUMBER | |
| Classification number | 519.5 |
| Author Mark | STB |
| 130 0# - MAIN ENTRY--UNIFORM TITLE | |
| Uniform title | Business studies (Miskolc (Hungary)) |
| 9 (RLIN) | 111894 |
| 245 00 - TITLE STATEMENT | |
| Title | Business studies / |
| Statement of responsibility, etc. | a publication of the University of Miskolc. |
| 260 ## - PUBLICATION, DISTRIBUTION, ETC. | |
| Place of publication, distribution, etc. | [Miskolc, Hungary] : |
| Name of publisher, distributor, etc. | Miskolc University Press, |
| Date of publication, distribution, etc. | 2001- |
| 300 ## - PHYSICAL DESCRIPTION | |
| Extent | v. ; |
| Dimensions | 24 cm. |
| 310 ## - CURRENT PUBLICATION FREQUENCY | |
| Current publication frequency | Irregular |
| 362 0# - DATES OF PUBLICATION AND/OR SEQUENTIAL DESIGNATION | |
| Dates of publication and/or sequential designation | Vol. 1, no. 1 (2001)- |
| 650 #0 - SUBJECT ADDED ENTRY--TOPICAL TERM | |
| Topical term or geographic name entry element | Economics |
| Form subdivision | Periodicals. |
| 9 (RLIN) | 19225 |
| 650 #0 - SUBJECT ADDED ENTRY--TOPICAL TERM | |
| Topical term or geographic name entry element | Economics |
| Geographic subdivision | Hungary |
| General subdivision | Periodicals. |
| 9 (RLIN) | 111895 |
| 651 #0 - SUBJECT ADDED ENTRY--GEOGRAPHIC NAME | |
| Geographic name | Hungary |
| General subdivision | Economic conditions |
| Chronological subdivision | 1989- |
| Form subdivision | Periodicals. |
| 9 (RLIN) | 111896 |
| 710 2# - ADDED ENTRY--CORPORATE NAME | |
| Corporate name or jurisdiction name as entry element | Miskolci Egyetem (Hungary) |
| 9 (RLIN) | 111897 |
| 780 00 - PRECEDING ENTRY | |
| Title | Publications of the University of Miskolc. Series F, Economic sciences |
| International Standard Serial Number | 1219-543X |
| Record control number | (DLC) 97640074 |
| 906 ## - LOCAL DATA ELEMENT F, LDF (RLIN) | |
| a | 7 |
| b | cbc |
| c | serials |
| d | 2 |
| e | ncip |
| f | 20 |
| g | n-oclcserc |
| 942 ## - ADDED ENTRY ELEMENTS (KOHA) | |
| Source of classification or shelving scheme | |
| Koha item type | Book |
| Withdrawn status | Lost status | Source of classification or shelving scheme | Damaged status | Not for loan | Permanent Location | Current Location | Shelving location | Date acquired | Total Checkouts | Full call number | Barcode | Date last seen | Price effective from | Koha item type |
|---|---|---|---|---|---|---|---|---|---|---|---|---|---|---|
| School of Mechanical & Manufacturing Engineering (SMME) | School of Mechanical & Manufacturing Engineering (SMME) | General Stacks | 04/13/2023 | 519.5 STB | SMME-3803 | 04/13/2023 | 04/13/2023 | Book |
